=LDR 00000nam 2200000 4500 =001 INLIS00000000000034 =005 20260702043538 =020 ##$$a 978-623-279-041-4 =082 ##$$a 899.221 =100 1#$$a Basral, Akmal Nasery =245 1 $$a Gitasmara Semesta: Dilarang Bercanda Dengan Kenangan 2 /$c Akmal Nasery Basral =300 ##$$a 488 ; 13.5 x 20.5 cm